INDIAN COOKERY FOR USE IN ALL COUNTRY (Record no. 581470)
[ view plain ]
| 000 -LEADER | |
|---|---|
| fixed length control field | 00255nam a22001097a 4500 |
| 082 ## - DEWEY DECIMAL CLASSIFICATION NUMBER | |
| Classification number | 641.5 VEE'I |
| 100 ## - MAIN ENTRY--PERSONAL NAME | |
| Personal name | VEERASAWMY, E. P |
| 9 (RLIN) | 76061 |
| 245 ## - TITLE STATEMENT | |
| Title | INDIAN COOKERY FOR USE IN ALL COUNTRY |
| 260 ## - PUBLICATION, DISTRIBUTION, ETC. | |
| Place of publication, distribution, etc. | BOMBAY |
| Name of publisher, distributor, etc. | JAICO |
| Date of publication, distribution, etc. | 1977 |
| 300 ## - PHYSICAL DESCRIPTION | |
| Extent | 216P |
| 942 ## - ADDED ENTRY ELEMENTS (KOHA) | |
| Koha item type | Book |
| Withdrawn status | Lost status | Damaged status | Not for loan | Permanent Location | Current Location | Shelving location | Date acquired | Total Checkouts | Full call number | Barcode | Date last seen | Price effective from | Koha item type |
|---|---|---|---|---|---|---|---|---|---|---|---|---|---|
| College of Electrical & Mechanical Engineering (CEME) | College of Electrical & Mechanical Engineering (CEME) | General Stacks | 05/25/2017 | 641.5 VEE'I | CEME-11322 | 06/28/2021 | 06/28/2021 | Book |
